Loading...
History - World History | 2 | 4 | 0 | 0 | 70 | 17 | 79.33 | 5 | 6 |
History - European History | 0 | 5 | 0 | 0 | 50 | 66 | 77.00 | 2 | 5 |
History - Other History | 2 | 2 | 0 | 1 | 50 | 40 | 76.75 | 3 | 4 |
History - American History | 1 | 3 | 0 | 1 | 45 | 61 | 84.50 | 2 | 4 |
Mythology | 1 | 1 | 0 | 0 | 25 | 42 | 84.00 | 1 | 2 |
Science - Other Science | 0 | 2 | 0 | 0 | 20 | 115 | 120.00 | 0 | 2 |
Science - Biology | 0 | 2 | 0 | 1 | 20 | 76 | 99.50 | 1 | 2 |
Religion | 0 | 2 | 0 | 1 | 20 | 60 | 80.00 | 0 | 2 |
Social Science | 0 | 1 | 0 | 0 | 10 | 129 | 129.00 | 0 | 1 |
Literature - British Literature | 0 | 1 | 0 | 0 | 10 | 122 | 122.00 | 0 | 1 |
Literature - World Literature | 0 | 1 | 0 | 0 | 10 | 91 | 91.00 | 0 | 1 |
Geography | 0 | 1 | 0 | 0 | 10 | 74 | 74.00 | 1 | 1 |